Statistics for Colors that begin with the letter N

Click here to take the quiz!

General Stats

  • This quiz has been taken 310 times
  • The average score is 2 of 7

Answer Stats

HintAnswer% Correct
Navy Blue
91%
Neon Green
50%
Neon Blue
33%
Neon Pink
33%
Nectarine
21%
Navajo White
12%
Night Vision
4%

Score Distribution

Percentile by Number Answered

Percent of People with Each Score

Your Score History

You have not taken this quiz